the effect of vitamin pre-mix on the success and economics of hapa seed nursing ( ប្រសិទ្ធិភាពនៃការប្រើ vitamin pri-mix ទៅលើការលូតលាស់របស់ត្រី និង សេដ្ឋកិច្ចនៃការផ្សំាកូនត្រីនៅក្នុងហាប៉ា) (Record no. 3770)
[ view plain ]
| 000 -LEADER | |
|---|---|
| fixed length control field | 00714nam a22001577a 4500 |
| 003 - CONTROL NUMBER IDENTIFIER | |
| control field | OSt |
| 005 - DATE AND TIME OF LATEST TRANSACTION | |
| control field | 20151201094103.0 |
| 008 - FIXED-LENGTH DATA ELEMENTS--GENERAL INFORMATION | |
| fixed length control field | 151201b xxu||||| |||| 00| 0 eng d |
| 040 ## - CATALOGING SOURCE | |
| Transcribing agency | RUA |
| 082 ## - DEWEY DECIMAL CLASSIFICATION NUMBER | |
| Classification number | FIS BUN 2000 B172 Or.1 |
| 100 ## - MAIN ENTRY--PERSONAL NAME | |
| 9 (RLIN) | 4051 |
| Personal name | BUN, THAN. |
| 245 ## - TITLE STATEMENT | |
| Title | the effect of vitamin pre-mix on the success and economics of hapa seed nursing ( ប្រសិទ្ធិភាពនៃការប្រើ vitamin pri-mix ទៅលើការលូតលាស់របស់ត្រី និង សេដ្ឋកិច្ចនៃការផ្សំាកូនត្រីនៅក្នុងហាប៉ា) |
| 260 ## - PUBLICATION, DISTRIBUTION, ETC. (IMPRINT) | |
| Place of publication, distribution, etc. | Phnom Penh |
| Name of publisher, distributor, etc. | RUA |
| Date of publication, distribution, etc. | 2000 |
| 300 ## - PHYSICAL DESCRIPTION | |
| Extent | 41p. |
| Other physical details | iil. |
| Dimensions | 29cm. |
| 942 ## - ADDED ENTRY ELEMENTS (KOHA) | |
| Source of classification or shelving scheme | |
| Koha item type | FIS |
| Price effective from | Date last seen | Permanent Location | Not for loan | Date acquired | Source of classification or shelving scheme | Koha item type | Barcode | Lost status | Damaged status | Shelving location | Withdrawn status | Current Location | Full call number |
|---|---|---|---|---|---|---|---|---|---|---|---|---|---|
| 2015-12-01 | 2015-12-01 | Library Block B | 2015-12-01 | FIS | RUA025730 | B172 | Library Block B | FIS BUN 2000 B172 Or.1 | |||||
| 2015-12-01 | 2015-12-01 | Library Block B | 2015-12-01 | FIS | RUA026073 | B172 | Library Block B | FIS BUN 2000 B172 Or.2 | |||||
| 2015-12-01 | 2015-12-01 | Library Block B | 2015-12-01 | FIS | RUA025658 | B172 | Library Block B | FIS BUN 2000 B172 Or.3 | |||||
| 2015-12-01 | 2015-12-01 | Library Block B | 2015-12-01 | FIS | RUA025586 | B172 | Library Block B | FIS BUN 2000 B172 Or.4 | |||||
| 2015-12-01 | 2015-12-01 | Library Block B | 2015-12-01 | FIS | RUA025881 | B172 | Library Block B | FIS BUN 2000 B172 Or.5 | |||||
| 2015-12-01 | 2015-12-01 | Library Block B | 2015-12-01 | FIS | RUA025809 | B172 | Library Block B | FIS BUN 2000 B172 Or.6 | |||||
| 2015-12-01 | 2015-12-01 | Library Block B | 2015-12-01 | FIS | RUA025737 | B172 | Library Block B | FIS BUN 2000 B172 Or.7 | |||||
| 2015-12-01 | 2015-12-01 | Library Block B | 2015-12-01 | FIS | RUA025665 | B172 | Library Block B | FIS BUN 2000 B172 Or.8 | |||||
| 2015-12-01 | 2015-12-01 | Library Block B | 2015-12-01 | FIS | RUA025593 | B172 | Library Block B | FIS BUN 2000 B172 Or.9 | |||||
| 2015-12-01 | 2015-12-01 | Library Block B | 2015-12-01 | FIS | RUA025521 | B172 | Library Block B | FIS BUN 2000 B172 Or.10 |